Koncept ekonomickej teórie a spravodlivosti v praxi bakalárska práca

Gespeichert in:
Bibliographische Detailangaben
1. Verfasser: Lahučký, Nicolas
Körperschaft: Národohospodárska fakulta EU. Katedra financií
Weitere Verfasser: Rimeš, Michal, 1996-
Format: Buch
Sprache:Slowakisch
Veröffentlicht: Bratislava 2024
Tags: Tag hinzufügen
Keine Tags, Fügen Sie das erste Tag hinzu!

MARC

LEADER 00000nbm a2200000 4500
001 0301679
005 20250529133148.4
041 0 |a slo 
044 |a SK 
245 1 0 |a Koncept ekonomickej teórie a spravodlivosti v praxi  |b bakalárska práca  |c Nicolas Lahučký ; školiteľ: Michal Rimeš 
264 1 |a Bratislava  |c 2024 
300 |a 42 s. 
100 1 |a Lahučký, Nicolas 
700 1 |a Rimeš, Michal, 1996- 
710 2 |a Národohospodárska fakulta EU. Katedra financií